| 000 | 01163cam a22003014a 4500 | ||
|---|---|---|---|
| 001 | 17123458 | ||
| 003 | OSt | ||
| 005 | 20150408114202.0 | ||
| 008 | 120117s2012 nyua b 001 0 eng | ||
| 010 | _a 2011050526 | ||
| 020 | _a9780071786195 (alk. paper) | ||
| 040 |
_aDLC _cDLC _dDLC |
||
| 042 | _apcc | ||
| 050 | 0 | 0 |
_aQA76.3 _b.P75 2012 |
| 082 | 0 | 0 |
_a005.8 _223 _bPRC |
| 245 | 0 | 0 |
_aPrinciples of computer security : _bCompTIA security+ and beyond (exam SY0-301) / _cWm. Arthur Conklin ... [et al.]. |
| 250 | _a3rd ed. | ||
| 260 |
_aNew York : _bMcGraw-Hill, _cc2012. |
||
| 300 |
_axxxi, 714 p. : _bill. (some col.) ; _c28 cm. + 1 CD-Rom (4 3/4 in.). |
||
| 504 | _aIncludes bibliographical references and index. | ||
| 650 | 0 |
_aElectronic data processing personnel _xCertification. |
|
| 650 | 0 |
_aComputer networks _xExaminations _vStudy guides. |
|
| 650 | 0 |
_aComputer technicians _xCertification _vStudy guides. _918460 |
|
| 700 | 1 |
_aConklin, Wm. Arthur _q(William Arthur) _918461 |
|
| 906 |
_a7 _bcbc _corignew _d1 _eecip _f20 _gy-gencatlg |
||
| 942 |
_2ddc _cDVD |
||
| 999 |
_c33092 _d267592 |
||